| 000 | 00988cas a2200265 a 4500 | ||
|---|---|---|---|
| 005 | 20170511164315.0 | ||
| 008 | 890519d19412000ve fr p 0 0spa c | ||
| 022 | _a1316-2284 | ||
| 040 |
_aCSfA _cCSfA _dMH _dDNAL _dDLC _dMH _dFU _dOCoLC _dDLC _dNLGGC _dOCoLC _dICU _dOCoLC _dHEBIS _dGBVCP _dOCoLC _dCO-BoIAVH |
||
| 041 | 0 |
_aspa _beng |
|
| 044 | _ack | ||
| 090 | _aSE | ||
| 245 | 0 | 0 | _aBoletín de entomología venezolana. |
| 246 | 1 | 7 | _aBol. Entomol. Venez. N.s. |
| 260 |
_aMaracay (Estado Aragua, Venezuela) : _bSociedad Venezolana de Entomología _c1978-. |
||
| 300 |
_bilustraciones ; _c24 x 16 cm. |
||
| 310 | _af | ||
| 321 | _au | ||
| 650 | 2 | 6 |
_aInsecta _zVenezuela _vPublicaciones periódicas |
| 650 | 2 | 4 |
_aInsectos _zVenezuela _vPublicaciones periódicas |
| 650 | 2 | 6 |
_aEntomología _vPublicaciones periódicas |
| 710 | 2 | _aSociedad Venezolana de Entomología | |
| 785 | 0 | 0 |
_tEntomotropica _x1317-5262 _w(DLC) 2002229150 _w(OCoLC)48684165 |
| 942 |
_2z _cREVISTA _s1 |
||
| 999 |
_c16736 _d16736 |
||